Catálogo
 En Linea

Maravillosamente hecho / (Registro nro. 33541)

Detalles MARC
000 -CABECERA
campo de control de longitud fija 00739nam a2200205 a 4500
001 - NÚMERO DE CONTROL
campo de control 000034050
005 - FECHA Y HORA DE LA ÚLTIMA TRANSACCIÓN
campo de control 20200930070731.0
008 - DATOS DE LONGITUD FIJA--INFORMACIÓN GENERAL
campo de control de longitud fija 110921s1967 ag 000 0 spa d
040 ## - FUENTE DE LA CATALOGACIÓN
Centro catalogador/agencia de origen DO-SdBNP
Lengua de catalogación spa
Centro/agencia transcriptor BNPHU
082 ## - NÚMERO DE LA CLASIFICACIÓN DECIMAL DEWEY
Número de clasificación xxxx
Número de documento/Ítem B877m, 1967
100 1# - ENTRADA PRINCIPAL--NOMBRE DE PERSONA
Nombre de persona Brown, Arturo I.
9 (RLIN) 59491
245 10 - MENCIÓN DE TÍTULO
Título Maravillosamente hecho /
Mención de responsabilidad, etc. Arturo I. Brown ; versión castellana Raquel Boqué.
250 ## - MENCIÓN DE EDICIÓN
Mención de edición 2a ed.
260 ## - PUBLICACIÓN, DISTRIBUCIÓN, ETC.
Lugar de publicación, distribución, etc. Argentina :
Nombre del editor, distribuidor, etc. Casa Bautista de Publicaciones,
Fecha de publicación, distribución, etc. 1967.
300 ## - DESCRIPCIÓN FÍSICA
Extensión 71 p. ;
Dimensiones 19 cm.
490 1# - MENCIÓN DE SERIE
Mención de serie Biblioteca de libros condensados
500 ## - NOTA GENERAL
Nota general El cuerpo humano- "La obra maestra de Dios" a la luz de la biblia y la ciencia médica
700 1# - PUNTO DE ACCESO ADICIONAL--NOMBRE DE PERSONA
Nombre de persona Boqué, Raquel
Término indicativo de función/relación tr.
9 (RLIN) 59492
830 #0 - PUNTO DE ACCESO ADICIONAL DE SERIE-TÍTULO UNIFORME
Título uniforme Biblioteca de libros condensados
9 (RLIN) 59493
Existencias
Estado de retiro Estado de pérdida Restricciones de uso No para préstamo Código de colección Localización permanente Ubicación/localización actual Ubicación en estantería Fecha de adquisición Número de inventario Total de préstamos Signatura topográfica completa Código de barras Fecha visto por última vez Precio válido a partir de Tipo de ítem Koha
      Excluido de préstamo Monografías: Libros y Folletos General General En catalogación 21.09.2011 LF1   xxxx B877m, 1967 34050-10 25.06.2020 25.06.2020 No se presta
        Monografías: Libros y Folletos General General Orden iniciada 21.09.2011 LF1   xxxx B877m, 1967 34051-10 25.06.2020 25.06.2020 No se presta

Con tecnología Koha